| 000 | 00517nam a22001817a 4500 | ||
|---|---|---|---|
| 005 | 20260515114943.0 | ||
| 008 | 230530b ||||| |||| 00| 0 eng d | ||
| 040 |
_aIN-DiNC _cIN-DiNC |
||
| 041 | _dasm | ||
| 082 |
_a079.54162 _bASS |
||
| 245 |
_aAssam bandhu/ _cedited by Nagen Saikia |
||
| 250 | _a3rd ed. | ||
| 260 |
_aGuwahati: _bPublication board Assam, _c2015. |
||
| 300 | _axxxxxiv, 574p. | ||
| 650 | _aAssamese newspaper published by Gunabhiram Barua | ||
| 700 |
_aSaikia, Nagen _eEditor |
||
| 942 |
_2ddc _cREF |
||
| 999 |
_c11526 _d11526 |
||